| 000 | 00543nam a2200181 a 4500 | ||
|---|---|---|---|
| 005 | 20210223121858.0 | ||
| 008 | 991125s1967 mx 000 0 spa u | ||
| 035 | _aUPN01000025304 | ||
| 049 | _aSEP | ||
| 050 | 4 |
_aLB472 M6 _bC5.4 |
|
| 100 | 1 |
_aCisneros Zuckermann, Ramiro _931194 |
|
| 245 | 1 | 0 |
_aFray Pedro de Gante / _cRamiro Cisneros Zuckermann. |
| 260 |
_aMéxico : _bSEP, _c1967. |
||
| 300 |
_a24 p. : _bil. |
||
| 440 | 0 |
_aBiografías de educadores mexicanos ; _v2 |
|
| 600 | 1 | 4 |
_aGANTE, PEDRO DE, _cFRAY, _d1480?-1572 _931193 |
| 905 | _aLibro | ||
| 999 |
_c25304 _d25304 |
||